Statistics for 30 největších měst ČR podle počtu obyvatel

Click here to take the quiz!

General Stats

  • This quiz has been taken 896 times
  • The average score is 22 of 30

Answer Stats

HintAnswer% Correct
1 272 690Praha
100%
384 277Brno
99%
302 456Ostrava
98%
169 688Plzeň
96%
102 247Liberec
95%
94 242Hradec Králové
94%
100 043Olomouc
94%
91 073Pardubice
94%
53 737Karlovy Vary
93%
95 003Ústí nad Labem
92%
93 883České Budějovice
91%
76 010Zlín
89%
50 760Jihlava
87%
67 030Most
77%
58 643Opava
77%
69 178Kladno
73%
44 778Mladá Boleslav
65%
59 627Karviná
64%
58 193Frýdek Místek
62%
49 784Chomutov
59%
50 728Teplice
59%
50 620Děčín
58%
79 679Havířov
57%
35 198Tábor
54%
44 526Prostějov
53%
45 255Jablonec nad Nisou
51%
45 438Přerov
51%
37 781Třebíč
41%
37 056Třinec
40%
37 510Česká Lípa
30%

Score Distribution

Percentile by Number Answered

Percent of People with Each Score

Your Score History

You have not taken this quiz